000 00316nam a22001457a 4500
008 230320b ||||| |||| 00| 0 eng d
020 _a9780802130983
041 _aeng
080 _a101
082 _a101EUG
100 _a44
101 _aFILO
245 _aRHINOCEROS & OTHER PLAYS
_cEUGENE I
942 _2udc
_cBK
999 _c59399
_d59399